00271nam a2200109Ia 4500008004100000020001800041100001900059245004100078250001100119260001700130650001400147240827s9999 xx 000 0 und d a9788184877120 aHari Om Pandey 0aTheory And Calculations In Chemistry aLatest bNAROSAc2022 aChemistry